000
00194nam a2200085Ia 4500
008
230915s9999 xx 000 0 und d
050
_a
SB107 .L46 2006
245
0
_a
COMMERCIAL CROPS
942
_c
BK
999
_c
201676
_d
201676